Filmografia di Roberto Benigni - Statistics

Statistiche generali
  • Questo quiz è stato fatto 37 volte
  • Il punteggio medio è 4 su 7
Statistiche sulle risposte
con Immagini Risposta % Corretto
La vita è bella
100%
Pinocchio
97%
Johnny Stecchino
79%
Il mostro
59%
Il piccolo diavolo
47%
La tigre e la neve
44%
Tu mi turbi
6%
Nessun quiz corrispondente trovato
Distribuzione punteggi
Percentuale di utenti per punteggio
Percentile per numero di risposta
I tuoi punteggi nel tempo
Non hai fatto questo quiz